[Event "Balatonalmadi Pannonia Cup 18th"]
[Site "Balatonalmadi"]
[Date "2013.07.27"]
[Round "5"]
[White "Takacs, Kevin"]
[Black "Bodor, Gergely"]
[Result "0-1"]
[WhiteElo "2002"]
[BlackElo "1769"]
[PlyCount "80"]
[EventDate "2013.07.24"]
[EventType "swiss"]
[EventRounds "7"]
[EventCountry "HUN"]
[SourceTitle "EXT 2016"]
[Source "ChessBase"]
[SourceDate "2015.10.08"]
[SourceVersion "1"]
[SourceVersionDate "2015.10.08"]
[SourceQuality "1"]

1. d4 Nf6 2. Nf3 e6 3. c4 d5 4. Nc3 Bb4 5. Bg5 0-0 6. e3 Nbd7 7. Qb3 c5 8. Be2 b6 9. 0-0 Bxc3 10. bxc3 Bb7 11. cxd5 exd5 12. Ne5 Qe8 13. Bb5 Qe6 14. Nxd7 Nxd7 15. Rfe1 Nf6 16. Bxf6 Qxf6 17. Be2 Rfe8 18. Bf3 Qd6 19. Rad1 c4 20. Qc2 Re7 21. e4 Qg6 22. g3 dxe4 23. Bg2 Bd5 24. Re3 Rae8 25. Rde1 f5 26. Qe2 Qf6 27. Qb2 g5 28. Qb5 Qc6 29. Qxc6 Bxc6 30. f3 Kf7 31. fxe4 Bxe4 32. Bxe4 Rxe4 33. Rxe4 Rxe4 34. Rxe4 fxe4 35. Kf2 Ke6 36. Ke3 Kd5 37. h4 gxh4 38. gxh4 b5 39. a3 a5 40. h5 h6 0-1

[Event "Balatonalmadi Pannonia Cup 18th"]
[Site "Balatonalmadi"]
[Date "2013.07.25"]
[Round "2"]
[White "Takacs, Kevin"]
[Black "Fodor, Balazs"]
[Result "0-1"]
[WhiteElo "2002"]
[BlackElo "1842"]
[PlyCount "51"]
[EventDate "2013.07.24"]
[EventType "swiss"]
[EventRounds "7"]
[EventCountry "HUN"]
[SourceTitle "EXT 2016"]
[Source "ChessBase"]
[SourceDate "2015.10.08"]
[SourceVersion "1"]
[SourceVersionDate "2015.10.08"]
[SourceQuality "1"]

1. d4 d5 2. c4 c6 3. Nf3 Nf6 4. Nc3 e6 5. Bg5 Nbd7 6. e3 Bb4 7. Qc2 Qa5 8. Nd2 0-0 9. Bd3 dxc4 10. Bxc4 Qxg5 11. 0-0 Bxc3 12. bxc3 Qa5 13. Bd3 g6 14. e4 c5 15. Rab1 Qc7 16. Qb2 b6 17. f4 Ng4 18. h3 Ngf6 19. f5 exf5 20. exf5 Bb7 21. Nf3 c4 22. Bc2 Rae8 23. Ba4 Qg3 24. Bb5 Re3 25. Rbe1 Rxf3 26. Rxf3 0-1

[Event "Balatonalmadi Pannonia Cup 18th"]
[Site "Balatonalmadi"]
[Date "2013.07.24"]
[Round "1"]
[White "Galyas, Miklos"]
[Black "Takacs, Kevin"]
[Result "1-0"]
[WhiteElo "2409"]
[BlackElo "2002"]
[PlyCount "65"]
[EventDate "2013.07.24"]
[EventType "swiss"]
[EventRounds "7"]
[EventCountry "HUN"]
[SourceTitle "EXT 2016"]
[Source "ChessBase"]
[SourceDate "2015.10.08"]
[SourceVersion "1"]
[SourceVersionDate "2015.10.08"]
[SourceQuality "1"]

1. d4 d5 2. c4 c6 3. Nf3 Nf6 4. e3 e6 5. b3 Nbd7 6. Bb2 Ne4 7. Nbd2 Ndf6 8. Bd3 Nxd2 9. Nxd2 Bd6 10. 0-0 0-0 11. Qe2 Qc7 12. f4 Re8 13. c5 Bf8 14. b4 a5 15. a3 g6 16. Bc3 a4 17. Nf3 Ne4 18. Bxe4 dxe4 19. Nd2 f5 20. Nc4 Bg7 21. Nb6 Ra6 22. Qc2 Rxb6 23. cxb6 Qxb6 24. Qxa4 e5 25. fxe5 Bxe5 26. Qa5 Qxa5 27. bxa5 Bc7 28. g3 Rd8 29. Rfc1 Rd5 30. a6 bxa6 31. Bd2 Rd6 32. Rab1 a5 33. Rc5 1-0

[Event "HUN-chT U18"]
[Site "Budapest"]
[Date "2012.10.28"]
[Round "1.16"]
[White "Benyeda, Monika"]
[Black "Takacs, Kevin"]
[Result "0-1"]
[WhiteElo "1386"]
[BlackElo "1897"]
[PlyCount "48"]
[EventDate "2012.10.28"]
[EventType "team-swiss"]
[EventRounds "8"]
[EventCountry "HUN"]
[SourceTitle "EXT 2020"]
[Source "ChessBase"]
[SourceDate "2019.10.17"]
[SourceVersion "1"]
[SourceVersionDate "2019.10.17"]
[SourceQuality "1"]

1. Nf3 Nf6 2. c4 g6 3. Nc3 Bg7 4. d4 0-0 5. Bg5 d6 6. e4 h6 7. Be3 Ng4 8. Bd2 c6 9. Be2 e5 10. d5 cxd5 11. exd5 Qb6 12. 0-0 a6 13. Ne4 f5 14. Nc3 e4 15. Na4 Qd8 16. Ne1 Ne5 17. Bc3 f4 18. c5 f3 19. Nxf3 exf3 20. Bxf3 Nxf3+ 21. Qxf3 Rxf3 22. gxf3 Bh3 23. Rfe1 Qg5+ 24. Kh1 Qg2# 0-1

[Event "Budapest op 08"]
[Site "Budapest"]
[Date "2012.08.22"]
[Round "5"]
[White "Heyl, Thomas"]
[Black "Takacs, Kevin"]
[Result "1/2-1/2"]
[WhiteElo "2009"]
[BlackElo "1909"]
[PlyCount "59"]
[EventDate "2012.08.18"]
[EventType "swiss"]
[EventRounds "9"]
[EventCountry "HUN"]
[SourceTitle "EXT 2014"]
[Source "ChessBase"]
[SourceDate "2013.11.20"]
[SourceVersion "1"]
[SourceVersionDate "2013.11.20"]
[SourceQuality "1"]

1. d4 Nf6 2. Nf3 d5 3. e3 e6 4. Bd3 c5 5. 0-0 Nc6 6. b3 Bd6 7. Bb2 0-0 8. Nbd2 cxd4 9. exd4 Nb4 10. Be2 b6 11. a3 Nc6 12. Bd3 Qc7 13. Qe2 Bb7 14. Ne5 Bxe5 15. dxe5 Nd7 16. f4 Nc5 17. Rf3 Nxd3 18. Qxd3 Ne7 19. Rh3 h6 20. Nf3 Ng6 21. Qd2 Rac8 22. Rc1 Rfd8 23. Bd4 Qd7 24. Rg3 Ba6 25. h4 Qb5 26. h5 Ne7 27. Kf2 Nf5 28. Rh3 Nxd4 29. Nxd4 Qc5 30. a4 1/2-1/2

[Event "Budapest op 08"]
[Site "Budapest"]
[Date "2012.08.20"]
[Round "3"]
[White "Takacs, Kevin"]
[Black "Koczo, Kristof"]
[Result "1-0"]
[WhiteElo "1909"]
[BlackElo "2233"]
[PlyCount "125"]
[EventDate "2012.08.18"]
[EventType "swiss"]
[EventRounds "9"]
[EventCountry "HUN"]
[SourceTitle "EXT 2014"]
[Source "ChessBase"]
[SourceDate "2013.11.20"]
[SourceVersion "1"]
[SourceVersionDate "2013.11.20"]
[SourceQuality "1"]

1. Nf3 d5 2. c4 e6 3. e3 Nf6 4. d4 dxc4 5. Bxc4 c5 6. 0-0 a6 7. dxc5 Bxc5 8. Qxd8+ Kxd8 9. Rd1+ Ke7 10. b3 b5 11. Be2 Bb7 12. Nd4 Nbd7 13. Bb2 Rac8 14. a4 b4 15. Nd2 Bxd4 16. Bxd4 e5 17. Bb2 Rc2 18. Rab1 Be4 19. Nxe4 Rxe2 20. Ng3 Rc2 21. Nf5+ Kd8 22. Bxe5 Ne4 23. Rb2 Rc5 24. Nd6 Rxe5 25. Nxf7+ Ke8 26. Nxe5 Nxe5 27. Rd4 Nc5 28. Rc2 Ned7 29. Rxd7 Kxd7 30. Rxc5 Kd6 31. Rc4 a5 32. Kf1 Rf8 33. Ke2 Rf5 34. Rd4+ Ke6 35. Rc4 Kd6 36. f4 Rh5 37. h3 Rh6 38. Kf3 Re6 39. Rc8 Re7 40. e4 Rb7 41. e5+ Kd5 42. Rd8+ Ke6 43. Ke4 Rc7 44. f5+ Ke7 45. Rd3 Rc2 46. g4 Rc1 47. Kd5 Rc3 48. Ke4 Rc1 49. g5 Re1+ 50. Kd5 Rf1 51. f6+ gxf6 52. gxf6+ Kf7 53. Ke4 Re1+ 54. Re3 Rd1 55. Kf4 Ke6 56. Rf3 Re1 57. Kg4 Kf7 58. Kf5 Re2 59. Rg3 Rf2+ 60. Ke4 Ke6 61. Rf3 Re2+ 62. Kd3 Rxe5 63. f7 1-0

[Event "Budapest Karacsonyi op 3rd"]
[Site "Budapest"]
[Date "2011.12.29"]
[Round "4"]
[White "Sandor, Laszlo"]
[Black "Takacs, Kevin"]
[Result "0-1"]
[WhiteElo "1447"]
[BlackElo "1788"]
[PlyCount "60"]
[EventDate "2011.12.27"]
[EventType "swiss"]
[EventRounds "7"]
[EventCountry "HUN"]
[SourceTitle "EXT 2020"]
[Source "ChessBase"]
[SourceDate "2019.10.17"]
[SourceVersion "1"]
[SourceVersionDate "2019.10.17"]
[SourceQuality "1"]

1. e4 c5 2. Nf3 d6 3. d4 cxd4 4. Nxd4 Nf6 5. Nc3 g6 6. Bc4 Bg7 7. h3 Nc6 8. Be3 0-0 9. a3 Bd7 10. Qd2 Rc8 11. Ba2 Qa5 12. Nde2 Ne5 13. Nd5 Qxd2+ 14. Bxd2 Nxd5 15. Bxd5 Rxc2 16. Rb1 Nd3+ 17. Kd1 Rc7 18. Be3 Nxb2+ 19. Ke1 b6 20. Kd2 Rfc8 21. Rhc1 Nc4+ 22. Bxc4 Rxc4 23. Kd3 Rxc1 24. Bxc1 f5 25. f3 Kf7 26. Nd4 Ba4 27. Ke3 f4+ 28. Kd3 e5 29. Nb3 Bxb3 30. Rxb3 Rxc1 0-1

[Event "Budapest FS12 FM-B"]
[Site "Budapest"]
[Date "2011.12.11"]
[Round "9"]
[White "Takacs, Kevin"]
[Black "Mayer, Istvan"]
[Result "1-0"]
[WhiteElo "1788"]
[BlackElo "2031"]
[PlyCount "67"]
[EventDate "2011.12.03"]
[EventType "tourn"]
[EventRounds "11"]
[EventCountry "HUN"]
[SourceTitle "CBM 145 Extra"]
[Source "ChessBase"]
[SourceDate "2012.01.03"]
[SourceVersion "1"]
[SourceVersionDate "2012.01.03"]
[SourceQuality "1"]

1. Nf3 g6 2. e4 Bg7 3. d4 c5 4. dxc5 Nf6 5. Bd3 Qa5+ 6. Nc3 Qxc5 7. Be3 Qb4 8. 0-0 d6 9. Nb5 Na6 10. c3 Qa5 11. Nxa7 Bd7 12. b4 Qd8 13. Nb5 0-0 14. Nbd4 Nc7 15. h3 e5 16. Ne2 Bc6 17. Ng3 Ra3 18. Qc2 Ne6 19. Bc1 Ra8 20. a4 b6 21. Rd1 Qc7 22. Ne2 d5 23. exd5 Bxd5 24. Ng5 Nxg5 25. Bxg5 e4 26. Bb5 Bc6 27. Bxc6 Qxc6 28. Ng3 Rfe8 29. b5 Qb7 30. Rd6 Nd5 31. Nxe4 Nb4 32. cxb4 Bxa1 33. Rc6 Re6 34. Bf6 1-0

[Event "Budapest FS12 FM-B"]
[Site "Budapest"]
[Date "2011.12.09"]
[Round "7"]
[White "Takacs, Kevin"]
[Black "Wanger, Tamas"]
[Result "1/2-1/2"]
[WhiteElo "1788"]
[BlackElo "1846"]
[PlyCount "95"]
[EventDate "2011.12.03"]
[EventType "tourn"]
[EventRounds "11"]
[EventCountry "HUN"]
[SourceTitle "CBM 145 Extra"]
[Source "ChessBase"]
[SourceDate "2012.01.03"]
[SourceVersion "1"]
[SourceVersionDate "2012.01.03"]
[SourceQuality "1"]

1. Nf3 Nf6 2. g3 d5 3. Bg2 c5 4. 0-0 Nc6 5. d3 e5 6. e4 d4 7. Nbd2 Be7 8. a4 h6 9. Nc4 Nd7 10. Nfd2 0-0 11. f4 Bf6 12. Nf3 Qc7 13. h3 Re8 14. fxe5 Ndxe5 15. Bf4 Qe7 16. Ncxe5 Nxe5 17. Nxe5 Bxe5 18. Qh5 f6 19. Rf2 Bd7 20. b3 b6 21. Raf1 a6 22. Bf3 Red8 23. Bxe5 Qxe5 24. Qxe5 fxe5 25. Kg2 Rf8 26. h4 g6 27. g4 g5 28. Rh1 Kg7 29. h5 b5 30. axb5 axb5 31. Rhf1 Be6 32. Rb1 Rf4 33. Kg3 Raf8 34. Rbf1 R8f6 35. Be2 Rxf2 36. Rxf2 Rxf2 37. Kxf2 Kf7 38. Ke1 Ke7 39. Kd2 Kd6 40. Kc1 c4 41. b4 Kc6 42. Kb2 Kb6 43. Kc1 cxd3 44. cxd3 Kc6 45. Kc2 Kc7 46. Bf3 Kb6 47. Kb2 Bf7 48. Be2 1/2-1/2

[Event "HUN-chT U18"]
[Site "Miskolc"]
[Date "2011.11.04"]
[Round "5.1"]
[White "Takacs, Kevin"]
[Black "Czupor, Attila"]
[Result "1/2-1/2"]
[WhiteElo "1788"]
[BlackElo "1808"]
[PlyCount "100"]
[EventDate "2011.11.02"]
[EventType "team-swiss"]
[EventRounds "8"]
[EventCountry "HUN"]
[SourceTitle "EXT 2012"]
[Source "ChessBase"]
[SourceDate "2011.11.24"]
[SourceVersion "1"]
[SourceVersionDate "2011.11.24"]
[SourceQuality "1"]
[WhiteTeam "Sarkany II"]
[BlackTeam "Desi"]
[WhiteTeamCountry "HUN"]
[BlackTeamCountry "HUN"]

1. Nf3 d5 2. d4 Nf6 3. c4 c6 4. Nc3 e6 5. Bg5 Nbd7 6. e3 g6 7. e4 Qb6 8. Na4 Qa5+ 9. Bd2 Bb4 10. exd5 Bxd2+ 11. Nxd2 Ne4 12. dxe6 fxe6 13. b3 0-0 14. f3 Nc3 15. Nxc3 Qxc3 16. Be2 Qxd4 17. Ne4 e5 18. Qxd4 exd4 19. c5 b6 20. b4 a5 21. cxb6 axb4 22. Rc1 c5 23. Bc4+ Kh8 24. Bb3 Ra5 25. 0-0 Ba6 26. Rfd1 d3 27. Be6 Nxb6 28. Nxc5 Rd8 29. Nxa6 Rxa6 30. Rc6 d2 31. Kf2 Kg7 32. Bc4 Nxc4 33. Rxc4 Rxa2 34. Rxb4 Kf6 35. Re4 Rc2 36. Re2 h5 37. Ke3 Rc3+ 38. Kf2 Rc2 39. g3 Rd6 40. h3 Rd5 41. h4 g5 42. hxg5+ Kxg5 43. Ke3 Rc3+ 44. Kf2 Rdd3 45. Rdxd2 Rxf3+ 46. Kg2 Rxg3+ 47. Kh2 Rg4 48. Rg2 Kh4 49. Rxg4+ hxg4 50. Ra2 Rg3 1/2-1/2

[Event "HUN-chT U18"]
[Site "Miskolc"]
[Date "2011.11.02"]
[Round "1.1"]
[White "Kantor, Gergely"]
[Black "Takacs, Kevin"]
[Result "1-0"]
[WhiteElo "2292"]
[BlackElo "1788"]
[PlyCount "111"]
[EventDate "2011.11.02"]
[EventType "team-swiss"]
[EventRounds "8"]
[EventCountry "HUN"]
[SourceTitle "EXT 2012"]
[Source "ChessBase"]
[SourceDate "2011.11.24"]
[SourceVersion "1"]
[SourceVersionDate "2011.11.24"]
[SourceQuality "1"]
[WhiteTeam "Tungsram"]
[BlackTeam "Sarkany II"]
[WhiteTeamCountry "HUN"]
[BlackTeamCountry "HUN"]

1. d4 Nf6 2. c4 g6 3. Nc3 Bg7 4. e4 d6 5. Nf3 0-0 6. h3 e5 7. d5 a5 8. Bg5 h6 9. Be3 Na6 10. Nd2 Nh5 11. g3 b6 12. Be2 Nf6 13. g4 Nc5 14. h4 Nh7 15. Nb3 Nxb3 16. axb3 Bd7 17. Qd2 Nf6 18. Bxh6 Nxg4 19. Bxg7 Kxg7 20. h5 Rh8 21. f3 Nf6 22. h6+ Kh7 23. f4 Qe7 24. 0-0-0 a4 25. fxe5 Qxe5 26. Qd4 Qxd4 27. Rxd4 Rhf8 28. bxa4 Bxa4 29. Kd2 Bd7 30. Ke3 Rae8 31. Nb5 Rc8 32. Rd2 Ng8 33. Bd3 Nf6 34. Kd4 Nh5 35. b4 Kxh6 36. c5 Bxb5 37. Bxb5 bxc5+ 38. bxc5 f5 39. Bd7 Rcd8 40. c6 f4 41. e5 dxe5+ 42. Kxe5 f3 43. d6 cxd6+ 44. Kxd6 f2 45. c7 Ra8 46. Rdd1 Kg5 47. Bb5 Ng3 48. Rh3 Ne4+ 49. Kc6 Kg4 50. Re3 Kf4 51. Red3 Kg4 52. Rd8 Nc3 53. R1d4+ Kg3 54. Bf1 Kh2 55. Rxa8 Rxa8 56. Rd8 1-0

[Event "Budapest Karacsonyi op 2nd"]
[Site "Budapest"]
[Date "2010.12.30"]
[Round "6"]
[White "Takacs, Kevin"]
[Black "Szentgyorgyi, Sandor"]
[Result "1/2-1/2"]
[WhiteElo "1634"]
[BlackElo "1823"]
[PlyCount "20"]
[EventDate "2010.12.27"]
[EventType "swiss"]
[EventRounds "7"]
[EventCountry "HUN"]
[SourceTitle "EXT 2022"]
[Source "ChessBase"]
[SourceDate "2021.10.06"]
[SourceVersion "1"]
[SourceVersionDate "2021.10.06"]
[SourceQuality "1"]

1. Nf3 Nf6 2. d4 c5 3. d5 e6 4. Nc3 a6 5. Bg5 d6 6. Ne4 Qa5+ 7. Bd2 Qd8 8. Bg5 Qa5+ 9. Bd2 Qd8 10. Bg5 Qa5+ 1/2-1/2

[Event "Budapest Karacsonyi op 2nd"]
[Site "Budapest"]
[Date "2010.12.29"]
[Round "5"]
[White "Sarkozi, Ferenc"]
[Black "Takacs, Kevin"]
[Result "1-0"]
[WhiteElo "1962"]
[BlackElo "1634"]
[PlyCount "82"]
[EventDate "2010.12.27"]
[EventType "swiss"]
[EventRounds "7"]
[EventCountry "HUN"]
[SourceTitle "EXT 2022"]
[Source "ChessBase"]
[SourceDate "2021.10.06"]
[SourceVersion "1"]
[SourceVersionDate "2021.10.06"]
[SourceQuality "1"]

1. d4 Nf6 2. c3 d6 3. Nf3 g6 4. Nbd2 Bg7 5. e4 0-0 6. Be2 Nbd7 7. 0-0 c5 8. Re1 a6 9. Bf1 cxd4 10. cxd4 b5 11. b4 Bb7 12. Bb2 Rc8 13. Bd3 Nb6 14. Qb3 Nc4 15. Nxc4 bxc4 16. Bxc4 Rxc4 17. Qxc4 Nxe4 18. Qd3 Nf6 19. Rac1 Nd5 20. Qd2 Nf6 21. a3 Qd7 22. d5 Nxd5 23. Bxg7 Kxg7 24. Qg5 h6 25. Qh4 Nf6 26. Red1 Bxf3 27. gxf3 Qf5 28. Kg2 g5 29. Qd4 h5 30. Qd3 Qe6 31. Qe3 Qf5 32. Qd3 Qe6 33. Re1 Qd7 34. Qe3 Qf5 35. Kh1 Nd5 36. Qe4 Qxe4 37. fxe4 Nf4 38. Rc6 Ra8 39. Re3 Ra7 40. Rec3 Ne6 41. Rc8 h4 1-0

[Event "Budapest Karacsonyi op 2nd"]
[Site "Budapest"]
[Date "2010.12.28"]
[Round "2"]
[White "Takacs, Kevin"]
[Black "Indig, Akos"]
[Result "1-0"]
[WhiteElo "1634"]
[BlackElo "1387"]
[PlyCount "91"]
[EventDate "2010.12.27"]
[EventType "swiss"]
[EventRounds "7"]
[EventCountry "HUN"]
[SourceTitle "EXT 2022"]
[Source "ChessBase"]
[SourceDate "2021.10.06"]
[SourceVersion "1"]
[SourceVersionDate "2021.10.06"]
[SourceQuality "1"]

1. d4 d5 2. c4 e6 3. Nc3 Bb4 4. cxd5 exd5 5. Nf3 Nf6 6. Bg5 Nc6 7. Ne5 Qd6 8. Bxf6 Qxf6 9. Qa4 Qd6 10. a3 Bxc3+ 11. bxc3 0-0 12. Nxc6 Bd7 13. e3 Qxc6 14. Qxc6 Bxc6 15. Bd3 f5 16. c4 g6 17. f3 Rfe8 18. Kf2 b6 19. Rac1 Re7 20. cxd5 Bxd5 21. Bc4 Bxc4 22. Rxc4 Rae8 23. Rc3 Rc8 24. Rhc1 Kf8 25. Rc6 Ke8 26. d5 Kd7 27. R1c4 g5 28. a4 Ree8 29. g4 Re5 30. gxf5 Rxd5 31. e4 Rd6 32. Rxd6+ cxd6 33. Rxc8 Kxc8 34. Ke3 Kd7 35. Kd4 Ke7 36. Kd5 a6 37. Kc6 b5 38. axb5 axb5 39. Kxb5 Kf6 40. Kc6 Ke5 41. f6 Kxf6 42. Kxd6 Kf7 43. e5 Ke8 44. Ke6 h5 45. h3 h4 46. Kf5 1-0

[Event "HUN-ch U14"]
[Site "Budapest"]
[Date "2010.07.03"]
[Round "8"]
[White "Takacs, Kevin"]
[Black "Lovas, Miklos"]
[Result "1-0"]
[WhiteElo "1600"]
[BlackElo "1658"]
[PlyCount "59"]
[EventDate "2010.06.26"]
[EventType "swiss"]
[EventRounds "9"]
[EventCountry "HUN"]
[SourceTitle "CBM 137 Extra"]
[Source "ChessBase"]
[SourceDate "2010.09.01"]
[SourceVersion "1"]
[SourceVersionDate "2010.09.01"]
[SourceQuality "1"]

1. d4 d5 2. c4 e6 3. Nc3 Nf6 4. Bg5 Be7 5. Nf3 c5 6. cxd5 cxd4 7. Nxd4 Nxd5 8. Bxe7 Nxe7 9. Ndb5 Qxd1+ 10. Rxd1 Na6 11. Nd6+ Kf8 12. e4 Nb4 13. a3 Nbc6 14. b4 a6 15. Na4 e5 16. Nb6 Rb8 17. Ndxc8 Nxc8 18. Nd7+ Ke7 19. Nxb8 Nxb8 20. Rd5 f6 21. b5 a5 22. Be2 Nd6 23. f3 Rc8 24. Kf2 Rc3 25. Rhd1 Nf7 26. a4 Ra3 27. Rc5 Nd6 28. Rc7+ Nd7 29. b6 Rxa4 30. Rxd7+ 1-0

[Event "HUN-ch U14"]
[Site "Budapest"]
[Date "2010.06.29"]
[Round "4"]
[White "Takacs, Kevin"]
[Black "Dulacska, Matyas"]
[Result "1-0"]
[WhiteElo "1600"]
[BlackElo "1348"]
[PlyCount "57"]
[EventDate "2010.06.26"]
[EventType "swiss"]
[EventRounds "9"]
[EventCountry "HUN"]
[SourceTitle "CBM 137 Extra"]
[Source "ChessBase"]
[SourceDate "2010.09.01"]
[SourceVersion "1"]
[SourceVersionDate "2010.09.01"]
[SourceQuality "1"]

1. Nf3 Nf6 2. d4 d5 3. c4 e6 4. g3 c5 5. Bg2 b6 6. 0-0 Bb7 7. e3 Nc6 8. b3 Be7 9. Bb2 0-0 10. Nbd2 Rc8 11. a3 a5 12. Re1 Nd7 13. h4 h5 14. cxd5 exd5 15. Nh2 cxd4 16. exd4 Nf6 17. Ndf3 g6 18. Ng5 Nh7 19. Nxh7 Kxh7 20. Rc1 Kg8 21. Qd2 Kh7 22. Qe3 Bf6 23. Nf3 Kg7 24. Qf4 Re8 25. Ne5 Nxe5 26. dxe5 Be7 27. e6+ Bf6 28. Rxc8 Bxc8 29. e7 1-0